000 00488nam a2200169 i 4500
001 36553
003 ES-MaACL
005 20230906155407.0
007 t|
008 030218s1966 sp ||||1| spa d
100 0 _aBrassaï.
_931390
245 1 0 _aConversaciones con Picasso /
_cBrassai ; traducción de Tirso Echeandía.
260 _aMadrid :
_bAguilar,
_c1966.
300 _a357 p., 22 lám. ;
_c21 cm.
700 1 _aEcheandía, Tirso.
_946518
852 _aES-MaACL
_jC-29874
_bR.60144
999 _c36553
_d36553